| 000 | 00621 a2200193 4500 | ||
|---|---|---|---|
| 001 | 066441 | ||
| 003 | OSt | ||
| 005 | 20210928124142.0 | ||
| 008 | |||
| 082 |
_a363.610944 _bM68C |
||
| 100 | 1 | _aMishra, Arabinda | |
| 245 | 1 |
_aCommon property water resources _cby Arabinda Mishra, Nayantara Nayak and Rucha Ghate |
|
| 260 |
_aNew Delhi _bTerri Press _c2008 |
||
| 300 | _a207p. | ||
| 690 | _aRight of property; Water resources development--Citizen participation; Water-supply, Agricultural--Management; India | ||
| 700 | _aNayak, Nayantara | ||
| 700 | _aGhate, Rucha | ||
| 942 |
_2ddc _cBK |
||
| 999 |
_c496 _d496 |
||